{"text_format":"3","workbook":"xlsx","n_sheets":1,"sheets":["招标控制价"],"read":"whole","date_system":"1900"}

{"sheet":"招标控制价","index":0,"n_rows":16,"n_cols":9,"rows_kept":16,"merged":[[0,0,0,8],[1,0,1,7],[14,0,14,6],[15,0,15,8]]}
["主材采购招标控制价"]
["项目名称：江西省儿童医院西侧临时停车场工程-主材采购"]
["序号","材料名称","规格型号","单位","数量","含税单价\n（元）","税率","总价\n（元）","备注"]
[1,"芝麻灰路沿石","700*250*150","m",431.67,{"v":60,"d":"60.00"},{"v":0.13,"d":"13%"},{"$f":"ROUND(E4*F4,2)","v":{"v":25900.2,"d":"25900.20"}},"停车场地面硬化"]
[2,"细粒式改性沥青混凝土","5cm，AC-13","m3",121.03,{"v":1100,"d":"1100.00"},{"v":0.13,"d":"13%"},{"v":133133,"d":"133133.00"},"停车场地面硬化"]
[3,"LED太阳能路灯","200W，灯柱H：6米，4500-5000k，带防水罩","套",{"v":14,"d":"14.00"},{"v":1100,"d":"1100.00"},{"v":0.13,"d":"13%"},{"v":15400,"d":"15400.00"},"照明及强电部分"]
[4,"球墨铸铁格珊雨水盖板","400*600*30","m",{"v":288.9,"d":"288.90"},{"v":85,"d":"85.00"},{"v":0.13,"d":"13%"},{"v":24556.5,"d":"24556.50"},"排水明沟"]
[5,"球墨铸铁井盖","380*680","套",{"v":18,"d":"18.00"},{"v":150,"d":"150.00"},{"v":0.13,"d":"13%"},{"v":2700,"d":"2700.00"},"排水系统部分"]
[6,"U型档车杆","长2m*高0.3m，含钻孔及混凝土浇筑安装","根",{"v":194,"d":"194.00"},{"v":160,"d":"160.00"},{"v":0.13,"d":"13%"},{"v":31040,"d":"31040.00"},"停车场标示线画线程"]
[7,"道路铁艺反光护栏","H=0.6m，含橡胶底座","m",{"v":55.8,"d":"55.80"},{"v":100,"d":"100.00"},{"v":0.13,"d":"13%"},{"v":5580,"d":"5580.00"},"停车场标示线画线程"]
[8,"碳素线缆波纹管","DN50","m",733.26,{"v":4.5,"d":"4.50"},{"v":0.13,"d":"13%"},3299.67,"照明及强电部分"]
[9,"照明电源电缆线","ZC-YJV5*6，电缆截面(mm2) ≤10","m",647.61,{"v":27,"d":"27.00"},{"v":0.13,"d":"13%"},17485.47,"照明及强电部分"]
[10,"总电源电缆线","ZR-YJV-5*10，电缆截面(mm2) ≤10","m",{"v":101,"d":"101.00"},{"v":40,"d":"40.00"},{"v":0.13,"d":"13%"},{"v":4040,"d":"4040.00"},"照明及强电部分"]
[11,"预拌混凝土 C20","C20泵送，1-3碎石","m3",{"$f":"1037.28+28.68+9.09","v":1075.05},{"v":435,"d":"435.00"},{"v":0.03,"d":"3%"},467646.75,"停车场地面硬化、楼梯、挡土墙垫层、管道垫层、照明基础"]
["总价（元）：",{"$nulls":6},{"$f":"SUM(H4:H14)","v":730781.59}]
["备注：1、以上含税单价均包括运、装卸到场费用；\n      2、招标数量为按设计图纸理论计量，结算按实调整；\n      3、暂估价材料结算据实调整。"]